| 000 | 00533nam a22001697a 4500 | ||
|---|---|---|---|
| 999 |
_c14405 _d14405 |
||
| 008 | 190917b ||||| |||| 00| 0 eng d | ||
| 020 | _a9781788821544 | ||
| 082 |
_22019 _aDC 611.0181 _bM692 |
||
| 100 |
_aMitchell, Bailey _939710 |
||
| 245 |
_aCell and molecular biology/ _cBailey Mitchell |
||
| 260 |
_aEssex, UK: _bED-Tech Press, _cc2019. |
||
| 300 |
_avi, 318 pages: _bill., _c26 cm. |
||
| 500 | _aIncludes bibliographical references and index. | ||
| 650 |
_aCells _939711 |
||
| 650 |
_aMolecular biology _939712 |
||
| 942 |
_2ddc _cDC |
||